000
00290nam a22001097a 4500
999
_c
66717
_d
66714
082
_a
R/4CE16
100
_a
Mazharuddin
_a
16CE59
245
_a
Effect of Using FLY ASH on Fresh and Strength Properties of Self Compacting
260
_a
Nawabshah
_b
QUEST
_c
2019
300
_a
37
942
_c
THESIS